Разработка состава и технологии получения износостойкой керамики на основе оксидов алюминия и циркония, устойчивой к низкотемпературной деградации: автореферат диссертации на соискание ученой степени кандидата технических наук; спец. 2.6.14

Bibliographic Details
Main Author: Задорожная О. Ю. Ольга Юрьевна
Corporate Author: Национальный исследовательский Томский политехнический университет
Other Authors: Хабас Т. А. Тамара Андреевна (научный руководитель)
Summary:Защита сост. 19.04.2022 г.
Language:Russian
Published: Томск, [Б. и.], 2022
Subjects:
Format: Book
KOHA link:https://koha.lib.tpu.ru/cgi-bin/koha/opac-detail.pl?biblionumber=347496

MARC

LEADER 00000nam0a2200000 4500
001 347496
005 20231215111937.0
035 |a (RuTPU)RU\TPU\book\379411 
090 |a 347496 
100 |a 20220419d2022 k y0rusy50 ca 
101 0 |a rus 
102 |a RU 
105 |a a dm 001zy 
200 1 |a Разработка состава и технологии получения износостойкой керамики на основе оксидов алюминия и циркония, устойчивой к низкотемпературной деградации  |e автореферат диссертации на соискание ученой степени кандидата технических наук  |e спец. 2.6.14  |f О. Ю. Задорожная  |g Национальный исследовательский Томский политехнический университет ; науч. рук. Т. А. Хабас 
210 |a Томск  |c [Б. и.]  |d 2022 
215 |a 25 с.  |c ил. 
300 |a Защита сост. 19.04.2022 г. 
320 |a Библиогр.: с. 23-25 (14 назв.) 
452 1 |0 (RuTPU)RU\TPU\retro\24483  |t Разработка состава и технологии получения износостойкой керамики на основе оксидов алюминия и циркония, устойчивой к низкотемпературной деградации  |o автореферат диссертации на соискание ученой степени кандидата технических наук  |o спец. 2.6.14  |f О. Ю. Задорожная  |g Национальный исследовательский Томский политехнический университет ; науч. рук. Т. А. Хабас  |c Томск  |d 2022  |a Задорожная, Ольга Юрьевна 
606 1 |a Алюмоциркониевая керамика  |2 stltpush  |3 (RuTPU)RU\TPU\subj\80612  |9 88253 
610 1 |a износостойкая керамика 
610 1 |a низкотемпературная деградация 
610 1 |a устойчивость 
610 1 |a состав 
610 1 |a получение 
610 1 |a алюминий 
610 1 |a цирконий 
610 1 |a авторефераты диссертаций 
610 1 |a труды учёных ТПУ 
675 |a 666.65(04)  |v 4 
686 |a 05.17.11  |2 oksvnk 
700 1 |a Задорожная  |b О. Ю.  |g Ольга Юрьевна 
702 1 |a Хабас  |b Т. А.  |c химик  |c профессор Томского политехнического университета, доктор технических наук  |f 1949-  |g Тамара Андреевна  |3 (RuTPU)RU\TPU\pers\25651  |4 727  |9 11562 
712 0 2 |a Национальный исследовательский Томский политехнический университет  |c (2009- )  |3 (RuTPU)RU\TPU\col\15902  |9 26305 
801 1 |a RU  |b 63413507  |c 20220419 
801 2 |a RU  |b 63413507  |c 20220606  |g RCR 
942 |c BK